000 00636nam a22002177a 4500
003 UA-OsUOA
001 119061
007 ta
008 20161003b un ||||| |||| 00| 0 ukr d
100 _aБогдан Т.П.
090 _a3309477)
_bБ73
942 _cSA
040 _aUA-OsUOA
_bukr
_cUA-OsUOA
_dUA-OsUOA
245 _aЗовнішнє боргове навантаження та виклики для валютно-фінансової політики України
300 _aС.21-33
955 _a0
041 _aukr
080 _a3309477)
773 0 _w119059
650 7 _a330 Економіка взагалі
_2UDC
999 _c405563
_d405563